Entrada Encabezamiento temático
Número de registros utilizados en: 4
001 - NÚMERO DE CONTROL
- campo de control: 3913
003 - IDENTIFICADOR DEL NÚMERO DE CONTROL
- campo de control: vecauma
005 - FECHA Y HORA DE LA ÚLTIMA TRANSACCIÓN
- campo de control: 20230918191442.0
008 - DATOS DE LONGITUD FIJA
- campo de control de longitud fija: 221110|| aca||aabn | a|a d
040 ## - FUENTE DE LA CATALOGACIÓN
- Centro catalogador/agencia de origen: vecauma
053 ## - Número de clasificación LC
- Número de clasificación–único número o número inicial: HD69.S8
150 ## - Materia
- Encabezamiento temático: ALIANZAS ESTRATEGICAS (NEGOCIOS)
450 ## - REFERENCIA DE “VEASE” MATERIA
- Encabezamiento temático: Strategic alliances (Business)
450 ## - REFERENCIA DE “VEASE” MATERIA
- Encabezamiento temático: Alianzas estratégicas de empresas
450 ## - REFERENCIA DE “VEASE” MATERIA
- Encabezamiento temático: Alianzas corporativas
450 ## - REFERENCIA DE “VEASE” MATERIA
- Encabezamiento temático: Alianzas corporativas estratégicas
450 ## - REFERENCIA DE “VEASE” MATERIA
- Encabezamiento temático: Asociación estratégica (Negocios)
450 ## - REFERENCIA DE “VEASE” MATERIA
- Encabezamiento temático: Reagrupaciones estratégicas de empresas
550 ## - REFERENCIA DE "VEASE ADEMAS" MATERIA
- Encabezamiento temático: COOPERACION EMPRESARIAL
550 ## - REFERENCIA DE "VEASE ADEMAS" MATERIA
- Encabezamiento temático: PLANIFICACION ESTRATEGICA
550 ## - REFERENCIA DE "VEASE ADEMAS" MATERIA
- Encabezamiento temático: REDES DE EMPRESAS
